| Поле | Название | Значение |
| |
Тип записи |
a |
| |
Библиографический уровень |
m |
| 001 |
Контрольный номер |
022e152e26dd424886edb1f485f6758e |
| 005 |
Дата корректировки |
20201202095924.3 |
| 010 |
Индекс ISBN |
__ |
| a |
ISBN |
978-5-91134-660-7 |
| d |
Цена |
604-82 |
| 100 |
Данные общей обработки |
__ |
| a |
Данные общей обработки |
20201201d2020#######y0rusy50######ca |
| 101 |
Язык документа |
0_ |
| a |
Язык текста |
rus |
| 102 |
Страна публикации |
__ |
| a |
Страна публикации |
RU |
| 200 |
Заглавие и сведения об ответственности |
1_ |
| a |
Заглавие |
Если подростку трудно учиться в школе |
| e |
Сведения, относящиеся к заглавию |
педагогам и заинтересованным родителям |
| f |
Первые сведения об ответственности |
Е. В. Свистунова, М. Н. Демьянская, Е. А. Мильке |
| 210 |
Выходные данные |
1_ |
| a |
Место издания |
Москва |
| c |
Издательство |
ФОРУМ |
| d |
Дата издания |
2020 |
| 215 |
Физическое описание |
__ |
| a |
Объем |
140, [1] с. |
| c |
Иллюстрации/тип воспроизводства |
ил., табл. |
| 320 |
Библиография |
__ |
| a |
Библиография |
Библиография: с. 138-140 |
| 330 |
Аннотация |
__ |
| a |
Аннотация |
В книге говорится о причинах школьной неуспеваемости и даются ответы на наиболее распространенные вопросы педагогов и родителей: "Чем можно помочь подростку с трудностями в обучении?, "Какие психологические особенности имеет младший и старший подросток?", "Как подготовить подростка со сложностями в обучении к выбору профессии?". Для педагогов работающих с подростками. |
| 606 |
Тематические рубрики |
__ |
| a |
Основная рубрика |
Психология |
| 606 |
Тематические рубрики |
__ |
| a |
Основная рубрика |
Педагогическая психология |
| 610 |
Ключевые слова |
0_ |
| a |
Ключевые слова |
выбор профессии |
| a |
Ключевые слова |
психология обучения |
| a |
Ключевые слова |
трудности обучения |
| a |
Ключевые слова |
школьная неуспеваемость |
| a |
Ключевые слова |
психология подростков |
| a |
Ключевые слова |
подростковая психология |
| a |
Ключевые слова |
школьники |
| 686 |
Индексы других классификаций |
__ |
| a |
Индекс ББК |
88.6 |
| 700 |
Автор |
_1 |
| a |
Фамилия |
Свистунова |
| b |
Имя |
Е. В. |
| g |
Полное личное имя |
Екатерина Владимировна |
| c |
Титул (звания) |
кандидат психологических наук |
| 701 |
Альтернативная интеллектуальная ответственность (другие авторы) |
_1 |
| a |
Фамилия |
Демьянская |
| b |
Имя |
М. Н. |
| g |
Полное личное имя |
Мария Николаевна |
| 701 |
Альтернативная интеллектуальная ответственность (другие авторы) |
_1 |
| a |
Фамилия |
Мильке |
| b |
Имя |
Е. А. |
| g |
Полное личное имя |
Елена Александровна |
| 801 |
Источник записи |
_0 |
| a |
Страна |
RU |
| b |
Организация |
Центральная районная библиотека им. Г. А. Пирожникова |
| c |
Дата составления |
2020121 |
| g |
Правила каталогизации |
bzbo |
| 801 |
Источник записи |
_1 |
| a |
Страна |
RU |
| b |
Организация |
Центральная районная библиотека им. Г. А. Пирожникова |
| c |
Дата составления |
2020121 |
| g |
Правила каталогизации |
bzbo |
| 852 |
Данные о местонахождении |
__ |
| j |
Шифр хранения |
88.6 |
| i |
Авторский знак |
С 247 |
| 901 |
Тип документа |
__ |
| t |
Тип документа |
m |
| 902 |
Роль лиц |
__ |
| a |
Создатель БЗ |
ОКиО/Шумских |